Tilastot visalle Nimeä muumimukit #2

Klikkaa tästä pelataksesi tätä visaa!

Yleistilastot

  • Tätä visaa on pelattu 8 kertaa
  • Keskiarvotulos 4 / 16

Vastaustilastot

Vastaus% Oikein
Hosuli
71%
Mymmelin äiti
57%
Niiskuneiti ja runoilija
43%
Primadonnan hevonen
43%
Saippuakuplia
43%
Hurraa!
29%
Lumileikkejä
29%
Ruusutarha
29%
Seikkailu muutto
29%
Kuusen alla
14%
Muumimamma aprikoosi
14%
Muumipeikko turkoosi
14%
Talvimetsä
14%
Toven juhla
14%
Niiskuneiti pinkki
0%
Purjehtien Tahmatassun ja Tuutikin kanssa
0%

Tulosjakauma

Persentiili vastausten määrän mukaan

Jokaisen tuloksen saaneiden osuus

Tuloshistoriasi

Et ole pelannut tätä visaa